Accessing private finance : the availability and effectiveness of private finance in urban regeneration. (Record no. 97097)
[ view plain ]
| 000 -LEADER | |
|---|---|
| fixed length control field | 01007cam a2200325 4500 |
| 008 - FIXED-LENGTH DATA ELEMENTS--GENERAL INFORMATION | |
| fixed length control field | 090401t1998 xxu||||| |||| 00| 0 eng d |
| 020 ## - INTERNATIONAL STANDARD BOOK NUMBER | |
| International Standard Book Number | 0854068856 |
| 035 ## - SYSTEM CONTROL NUMBER | |
| System control number | (Sirsi) u85995 |
| 041 ## - LANGUAGE CODE | |
| Language code of text/sound track or separate title | eng |
| 050 ## - LIBRARY OF CONGRESS CALL NUMBER | |
| Classification number | 711.52 |
| 110 ## - MAIN ENTRY--CORPORATE NAME | |
| Corporate name or jurisdiction name as entry element | Royal Institution of Chartered Surveyors |
| 9 (RLIN) | 4900 |
| 245 ## - TITLE STATEMENT | |
| Title | Accessing private finance : the availability and effectiveness of private finance in urban regeneration. |
| 260 ## - PUBLICATION, DISTRIBUTION, ETC. | |
| Place of publication, distribution, etc. | London |
| Name of publisher, distributor, etc. | RICS |
| Date of publication, distribution, etc. | 1998 |
| 300 ## - PHYSICAL DESCRIPTION | |
| Extent | 51p. ; 30cm. |
| 350 ## - PRICE (NR) (BK AM CF MU VM SE) [OBSOLETE] | |
| Price | 9.95 |
| 520 ## - SUMMARY, ETC. | |
| Summary, etc. | Research project carried out by the Centre for Research on Property and Planning, University of Ulster. |
| 650 ## - SUBJECT ADDED ENTRY--TOPICAL TERM | |
| Topical term or geographic name entry element | PRIVATE FINANCE |
| 650 ## - SUBJECT ADDED ENTRY--TOPICAL TERM | |
| Topical term or geographic name entry element | PRIVATE SECTOR INVESTMENT |
| 650 ## - SUBJECT ADDED ENTRY--TOPICAL TERM | |
| Topical term or geographic name entry element | PRIVATE SECTOR |
| 650 ## - SUBJECT ADDED ENTRY--TOPICAL TERM | |
| Topical term or geographic name entry element | URBAN REGENERATION |
| 690 ## - LOCAL SUBJECT ADDED ENTRY--TOPICAL TERM (OCLC, RLIN) | |
| Topical term or geographic name as entry element | URBAN RENEWAL |
| 700 ## - ADDED ENTRY--PERSONAL NAME | |
| Personal name | Adair, A. |
| 700 ## - ADDED ENTRY--PERSONAL NAME | |
| Personal name | Berry, James |
| 700 ## - ADDED ENTRY--PERSONAL NAME | |
| Personal name | Deddis, William |
| 700 ## - ADDED ENTRY--PERSONAL NAME | |
| Personal name | McGreal, Stanley |
| 700 ## - ADDED ENTRY--PERSONAL NAME | |
| Personal name | Hirst, Suzanne |
| 710 ## - ADDED ENTRY--CORPORATE NAME | |
| Corporate name or jurisdiction name as entry element | University of Ulster |
| 9 (RLIN) | 3068 |
| 942 ## - ADDED ENTRY ELEMENTS (KOHA) | |
| Suppress in OPAC | 0 |
| 948 ## - LOCAL PROCESSING INFORMATION (OCLC); SERIES PART DESIGNATOR (RLIN) | |
| c (OCLC) | 06/05/1998 |
| Withdrawn status | Lost status | Source of classification or shelving scheme | Damaged status | Not for loan | Home library | Current library | Shelving location | Date acquired | Cost, normal purchase price | Total Checkouts | Full call number | Barcode | Date last seen | Copy number | Cost, replacement price | Price effective from | Koha item type | Date last checked out |
|---|---|---|---|---|---|---|---|---|---|---|---|---|---|---|---|---|---|---|
| Dewey Decimal Classification | London | London | RICS Boxes | 14/09/1999 | 9.95 | RICS 1998/20 | 30055528 | 06/08/2019 | 1 | 9.95 | 06/08/2019 | Archive | ||||||
| Dewey Decimal Classification | London | London | RICS Boxes | 14/09/1999 | 9.95 | RICS 1998/20 | 30055529 | 06/08/2019 | 2 | 9.95 | 06/08/2019 | Reference material | ||||||
| Dewey Decimal Classification | London | London | RICS Boxes | 14/09/1999 | 9.95 | 25 | RICS 1998/20 | 30056362 | 06/08/2019 | 3 | 9.95 | 06/08/2019 | Book | 24/01/2006 |